| 000 | 01212cam a22003733a 4500 | ||
|---|---|---|---|
| 001 | 32006 | ||
| 003 | PGUSA | ||
| 005 | 20140828083707.0 | ||
| 008 | 100416s2010||||xxu|||||s|||||000 | eng d | ||
| 040 |
_aPGUSA _beng |
||
| 042 | _adc | ||
| 050 | 4 | _aBL | |
| 050 | 4 | _aBT | |
| 100 | 1 |
_aMuir, Pearson M'Adam, _d1846-1924 |
|
| 245 | 1 | 0 |
_aModern Substitutes for Christianity _h[electronic resource] / _cPearson M'Adam Muir |
| 260 |
_bProject Gutenberg, _c2010 |
||
| 505 | 0 | _aI. Popular impeachments of Christianity -- II. Morality without religion -- III. The religion of the universe -- IV. The religion of humanity -- V. Theism without Christ -- VI. The tribute of criticism to Christ. | |
| 506 | _aPublic domain in the USA. | ||
| 516 | _aElectronic text | ||
| 653 | _aEthical culture movement | ||
| 653 | _aSects | ||
| 653 | _aAtheism | ||
| 653 | _aApologetics -- History -- 20th century | ||
| 653 | _aApologetics | ||
| 653 | _aNon-church-affiliated people | ||
| 653 | _aCults | ||
| 653 | _aAtheism -- History | ||
| 653 | _aPositivism | ||
| 653 | _aTheism | ||
| 653 | _aPantheism | ||
| 830 | 0 |
_aProject Gutenberg _v32006 |
|
| 856 | 4 | 0 | _uhttp://www.gutenberg.org/ebooks/32006 |
| 942 | _cEB | ||
| 999 |
_c261261 _d261261 |
||